Normal view MARC view

Entry Topical Term

Number of records used in: 1

001 - CONTROL NUMBER

  • control field: 55902

003 - CONTROL NUMBER IDENTIFIER

  • control field: dpl

005 - DATE AND TIME OF LATEST TRANSACTION

  • control field: 20230904163628.0

008 - FIXED-LENGTH DATA ELEMENTS

  • fixed length control field: 230904|| aca||aabn | a|a d

040 ## - CATALOGING SOURCE

  • Original cataloging agency: dpl
  • Transcribing agency: dpl

150 ## - HEADING--TOPICAL TERM

  • Topical term or geographic name as entry element: Lawyers
  • Geographic subdivision: India
  • Form subdivision: Biography

670 ## - SOURCE DATA FOUND

  • Source citation: Work cat.: (dpl)76365: DiSalvo, Charles 55899, M.K. Gandhi, attorney at law : , 2012

© Delhi Public Library
Hit Counter
free hit counter